00899nam a2200181 a 450000100100000000500170001000800410002704000250006808200160009310000290010924500910013826000830022930000190031250002460033104900090057795201140058699900170070000002931420200930055453.0110414s1983 dr 000 0 spa d aDO-SdBNPbspacBNPHU axxxxbB271r1 aBarreiro, Teofilo92161010aReto sociologíco del profesional dominicano: especialización vs. generalización. a[Santo Domingo] :bCentro de Estudios Menetarios y Bancarios (CEMYB),c[1983]. a7 p. ;c22 cm. aEsta conferencia fue pronunciada por Teófilo Barreiro en ocasión del acto de graduación del Centro de Estudios Monetarios y Bancarios (CEMYB), celebrado el miercoles 9 de noviembre de 1983, en los salones del Instituto Espaillat Cabral aBNPD 0010718PDaPDbPDcCTd2011-04-14iLF1l0oxxxx B271rp29314-10r2020-06-25w2020-06-25yLFPDZNo se presta c28806d28806